Consecuencias geopolíticas del Conflicto Rusia-Ucrania en la matriz energética, en República Dominicana, período 2021-2022 / (Registro nro. 7789)

Detalles MARC
000 -CABECERA
campo de control de longitud fija 01412nam a22002417a 4500
003 - IDENTIFICADOR DEL NÚMERO DE CONTROL
campo de control DO-SdBJH
005 - FECHA Y HORA DE LA ÚLTIMA TRANSACCIÓN
campo de control 20240807140439.0
008 - DATOS DE LONGITUD FIJA--INFORMACIÓN GENERAL
campo de control de longitud fija 240807b |||||||| |||| 00| 0 spa d
040 ## - FUENTE DE LA CATALOGACIÓN
Centro catalogador/agencia de origen DO-SdBJH
Lengua de catalogación spa
Centro/agencia transcriptor DO-SdBJH
090 ## - LOCALMENTE ASIGNADO TIPO-LC NÚMERO DE CLASIFICACIÓN (OCLC); NÚMERO DE CLASIFICACIÓN LOCAL (RLIN)
Número de clasificación (OCLC) (R) ; Numero de clasificación, CALL (RLIN) (NR) TG EGAEE
Número cutter local (OCLC) ; Número de libro/Signatura topográfica íntegra, CALL (RLIN) 02085 2022
100 1# - ENTRADA PRINCIPAL--NOMBRE DE PERSONA
Nombre de persona Sosa Stephens, Guillermo
Término indicativo de función/relación sustentante
245 10 - MENCIÓN DE TÍTULO
Título Consecuencias geopolíticas del Conflicto Rusia-Ucrania en la matriz energética, en República Dominicana, período 2021-2022 /
Mención de responsabilidad, etc. Guillermo Sosa Stephens, Enelia Santos de los Santos, asesores Jonathan Delgado, José Eliseo Méndez Medina
260 ## - PUBLICACIÓN, DISTRIBUCIÓN, ETC.
Lugar de publicación, distribución, etc. Santo Domingo :
Nombre del editor, distribuidor, etc. INSUDE,
Fecha de publicación, distribución, etc. 2022
300 ## - DESCRIPCIÓN FÍSICA
Extensión xviii, 58 páginas, gráficos
500 ## - NOTA GENERAL
Nota general Tesis (Especialidad en Geopolítica ). -- Instituto Superior para la Defensa (INSUDE). Escuela de Graduados de Altos Estudios Estratégico, 2022
502 ## - NOTA DE TESIS
Nota de tesis Incluye referencias bibliográficas e índices
504 ## - NOTA DE BIBLIOGRAFÍA, ETC.
Nota de bibliografía, etc. Antecedentes geopolíticos del conflicto (Euroasiático), Rusia-Ucrania. -- Matriz Energética de República Dominicana. -- Consecuencias económicas del conflicto Rusia-Ucrania con relación a la matriz enérgica de República Dominicana
700 1# - PUNTO DE ACCESO ADICIONAL--NOMBRE DE PERSONA
Nombre de persona Santos de los Santos, Enelia
Término indicativo de función/relación sustentante
700 1# - PUNTO DE ACCESO ADICIONAL--NOMBRE DE PERSONA
Nombre de persona Delgado, Jonathan
Término indicativo de función/relación asesor
700 1# - PUNTO DE ACCESO ADICIONAL--NOMBRE DE PERSONA
Nombre de persona Méndez Medina, José Eliseo
Término indicativo de función/relación asesor
830 ## - PUNTO DE ACCESO ADICIONAL DE SERIE-TÍTULO UNIFORME
Título uniforme INSUDE. Escuela de Graduados de Altos Estudios Estratégico. Tesis y disertaciones académicas
942 ## - ELEMENTOS DE PUNTO DE ACCESO ADICIONAL (KOHA)
Fuente del sistema de clasificación o colocación Clasificación Local
Tipo de ítem Koha Tesis
Existencias
Estado de retiro Estado de pérdida Fuente del sistema de clasificación o colocación Estado dañado No para préstamo Código de colección Localización permanente Ubicación/localización actual Fecha de adquisición Número de inventario Total de préstamos Signatura topográfica completa Código de barras Fecha visto por última vez Número de copia Precio válido a partir de Tipo de ítem Koha
    Clasificación Local     Colección General SIBM UNADE - Biblioteca Sede Central SIBM UNADE - Biblioteca Sede Central 08/07/2024 22-02085   TG EGAEE 02085 2022 22-02085 08/07/2024 e.1 08/07/2024 Tesis
© Copyright 2016. Universidad Nacional para la Defensa.Todos los derechos reservados.

 

Designed & Maintained by: https://www.sibdweb.com.do
Sistema de Información & Bibliotecas (SIBD). Contact: pbrito2005@gmail.com